BIBLIOTECA

SENCICO

Chachapoyas : (Registro nro. 5069)

Detalles MARC
000 -LEADER
fixed length control field 00944nam a22002537a 4500
003 - CONTROL NUMBER IDENTIFIER
control field PE SENCICO BE
005 - DATE AND TIME OF LATEST TRANSACTION
control field 20251020182711.0
008 - FIXED-LENGTH DATA ELEMENTS--GENERAL INFORMATION
fixed length control field 250121b |||||||| |||| 00| 0 eng d
020 ## - INTERNATIONAL STANDARD BOOK NUMBER
International Standard Book Number 9972-717-04-6
040 ## - CATALOGING SOURCE
Original cataloging agency PE SENCICO BE
Transcribing agency PE SENCICO BE
041 ## - LANGUAGE CODE
Language code of text/sound track or separate title spa
-- eng
082 ## - DEWEY DECIMAL CLASSIFICATION NUMBER
Classification number 985.46
Item number C
245 1# - TITLE STATEMENT
Title Chachapoyas :
Remainder of title el reino perdido = the lost kingdom /
Statement of responsibility, etc. edición, Elena González, Rafo León ; fotografías, Jorge H. Esquiroz
260 ## - PUBLICATION, DISTRIBUTION, ETC.
Place of publication, distribution, etc. Lima :
Name of publisher, distributor, etc. AFP Integra ;
Date of publication, distribution, etc. 2002
300 ## - PHYSICAL DESCRIPTION
Extent 399 páginas :
Other physical details ilustraciones a color, láminas, fotografías ;
Dimensions 28 cm.
505 0# - FORMATTED CONTENTS NOTE
Formatted contents note Pueblo de las nubes -- Las nubes y el horizonte -- Las momias de la Laguna de los Cóndores
650 10 - SUBJECT ADDED ENTRY--TOPICAL TERM
9 (RLIN) 2855
Topical term or geographic name entry element Indígenas del Perú
650 20 - SUBJECT ADDED ENTRY--TOPICAL TERM
9 (RLIN) 753
Topical term or geographic name entry element Arqueología
651 10 - SUBJECT ADDED ENTRY--GEOGRAPHIC NAME
9 (RLIN) 2856
Geographic name Chachapoyas, Amazonas (Perú : Provincia)
700 1# - ADDED ENTRY--PERSONAL NAME
9 (RLIN) 2857
Personal name González, Elena
700 1# - ADDED ENTRY--PERSONAL NAME
9 (RLIN) 2858
Personal name León, Rafo
910 ## - USER-OPTION DATA (OCLC)
User-option data hfp
-- hfp
-- hfp
942 ## - ADDED ENTRY ELEMENTS (KOHA)
Source of classification or shelving scheme Dewey Decimal Classification
Koha item type Libros
Existencias
Fecha de la última vez que lo usaron Pago total Signatura topográfica completa Código de barras Precio efectivo desde Tipo de documento Estado perdido Sistema de clasificación Estado dañado No es para préstamo Retirado Ubicación permanente Ubicación actual Fecha de adquisición Fuente de adquisición
21/01/2025   985.46/C BibLima25010036 21/01/2025 Libros   Dewey Decimal Classification       Biblioteca Central Lima Biblioteca Central Lima 18/11/2024 Comprado de la librería Megabook